Spell the Marvel Hero #107 - Statistics

General Stats
  • This quiz has been taken 9 times
  • The average score is 8 of 9
Answer Stats
Picture Answer % Correct
America Chavez
100%
Ironheart
100%
Reptil
100%
Rescue
100%
Energizer
88%
Firestar
88%
Frenzy
75%
Taegukgi
63%
Silhouette
50%
No matching quizzes found
Score Distribution
Percent of People with Each Score
Percentile by Number Answered
Your Score History
You have not taken this quiz